000
00347nam a2200157Ia 4500
003
OSt
005
20240229130104.0
008
170523s9999 xx 000 0 und d
020
_a
978-9832951711
040
_c
iimtu meerut
100
_a
KHERA- SHIV
245
0
_a
YOU CAN WIN
260
_b
MC MILLAN INDIAN LTD
260
_c
1998
942
_2
ddc
_c
02
999
_c
544
_d
544